01530nam a22001697a 4500003000400000005001700004008004100021082001800062100003500080245003400115250001800149260005400167300003400221490002800255520104200283700003501325OSt20260409110044.0260409b |||||||| |||| 00| 0 SPA d 29786071713667 aEugene Long y William Buckwald alibro Inglés idiomático 1 a9ª edición aCiudad de México, Méxicob Trillasc2012-2013 a 256 págg 15 x 1.2 x 23 cm 3Tapa blanda (Paperback) aEl objetivo principal de Inglés idiomático 1 es facilitar el aprendizaje del idioma mediante un enfoque práctico y estructurado para principiantes. El libro busca que el estudiante desarrolle habilidades de comunicación básicas a través de situaciones de la vida cotidiana. Se enfoca en la enseñanza de estructuras gramaticales esenciales combinadas con un vocabulario funcional y actual. Además, promueve la comprensión auditiva y la expresión oral mediante ejercicios repetitivos y contextualizados. Los autores diseñaron el material para que el alumno pueda interactuar de forma natural en entornos sociales básicos. También incluye secciones dedicadas a la lectura y escritura para lograr un equilibrio en las cuatro competencias lingüísticas. Finalmente, el texto pretende que el usuario adquiera confianza al hablar, utilizando modismos y frases comunes del inglés americano. Es una herramienta diseñada para sentar bases sólidas en el estudio formal del idioma a nivel bachillerato o técnico. aEugene Long y William Buckwald